[Event "Tarbes Open 2003"]
[Site "?"]
[Date "2003.04.??"]
[Round "6"]
[White "De Laubadere, Philippe"]
[Black "Lemoine, Benoit"]
[Result "1-0"]
[WhiteElo "1970"]
[BlackElo "2138"]
[EventDate "2003.05.01"]
[PlyCount "67"]
[SourceDate "2003.05.01"]

1.d4 Nf6 2.c4 g6 3.Nc3 d5 4.Bf4 Bg7 5.e3 c6 6.Nf3 O-O 7.Qb3 dxc4 8.Bxc4 b5
9.Bd3 Be6 10.Qc2 Nbd7 11.O-O Nb6 12.e4 Rc8 13.Rfd1 Bc4 14.Bxc4 Nxc4 15.
Rac1 Qa5 16.b3 Na3 17.Qe2 b4 18.Na4 Nb5 19.Bd2 Rfd8 20.Rc4 c5 21.dxc5 Nc3 
22.Nxc3 bxc3 23.Bxc3 Rxd1+ 24.Qxd1 Qb5 25.Qd4 Qb8 26.h3 Rd8 27.Qe3 Rd1+ 
28.Ne1 Nd7 29.Bxg7 Kxg7 30.c6 Ne5 31.c7 Qc8 32.Rc1 Rxc1 33.Qxc1 f6 34.Qc5 
1-0

[Event "Tarbes Open 2003"]
[Site "?"]
[Date "2003.04.??"]
[Round "4"]
[White "Sakri, Abdelhak"]
[Black "Chassy, Philippe"]
[Result "1-0"]
[WhiteElo "2020"]
[BlackElo "2121"]
[EventDate "2003.05.01"]
[PlyCount "75"]
[SourceDate "2003.05.01"]

1.d4 d5 2.Bf4 c6 3.c3 Nf6 4.Nf3 Bg4 5.Nbd2 e6 6.e3 Nbd7 7.Bd3 Nh5 8.Bg3 
Be7 9.h3 Nxg3 10.fxg3 Bh5 11.O-O Bd6 12.g4 Bg6 13.Bxg6 hxg6 14.e4 Be7 15.
e5 Qb6 16.b4 a5 17.a3 O-O 18.Nb3 a4 19.Nc1 Qa7 20.Nd3 b6 21.Qd2 c5 22.Qf4 
Qa6 23.Nb2 cxb4 24.cxb4 Rac8 25.Rac1 b5 26.Nd3 Rc4 27.Rxc4 dxc4 28.Nc5 
Nxc5 29.dxc5 Qc6 30.Nd4 Qd7 31.Qe4 Rd8 32.Nc6 Re8 33.Qf3 Bg5 34.Rd1 Qc7 
35.Rd6 Rc8 36.Nd4 Rb8 37.c6 Rd8 38.Kh2 1-0

[Event "Tarbes Open 2003"]
[Site "?"]
[Date "2003.04.??"]
[Round "4"]
[White "Martinet, Regis"]
[Black "Lacroix, Romain"]
[Result "1-0"]
[WhiteElo "2080"]
[BlackElo "1840"]
[EventDate "2003.05.01"]
[PlyCount "68"]
[SourceDate "2003.05.01"]

1.d4 d5 2.Nf3 Nf6 3.c4 e6 4.Nc3 c6 5.Bg5 h6 6.Bxf6 Qxf6 7.e3 Bd6 8.Bd3 O-O
9.e4 dxe4 10.Nxe4 Qe7 11.O-O Nd7 12.Re1 b6 13.Bc2 f5 14.Nxd6 Qxd6 15.Qe2 
Rf6 16.Rad1 Bb7 17.Ne5 Qe7 18.Nf3 Rd8 19.d5 cxd5 20.cxd5 Re8 21.dxe6 Nc5 
22.Rd7 Qxe6 23.Qxe6+ Rfxe6 24.Rxe6 Rxe6 25.Rxb7 Nxb7 26.Bb3 Nc5 27.Bxe6+ 
Nxe6 28.Ne5 g5 29.Kf1 Kg7 30.g3 Kf6 31.Nc6 a6 32.Ke2 Nc5 33.Ke3 h5 34.a4 
b5 {.............} 1-0

[Event "Tarbes Open 2003"]
[Site "?"]
[Date "2003.04.??"]
[Round "4"]
[White "Lemoine, Benoit"]
[Black "Garaud, Alain"]
[Result "1-0"]
[WhiteElo "2138"]
[BlackElo "1930"]
[EventDate "2003.05.01"]
[PlyCount "97"]
[SourceDate "2003.05.01"]

1.e4 c6 2.d4 d5 3.Nd2 dxe4 4.Nxe4 Nf6 5.Ng5 h6 6.N5f3 Bf5 7.Bc4 e6 8.Ne2 
Bd6 9.Bf4 Bxf4 10.Nxf4 Qd6 11.Nd3 O-O 12.h3 Nbd7 13.Qe2 c5 14.dxc5 Nxc5 
15.Nde5 Qb6 16.c3 Na4 17.Bb3 Nc5 18.Nd4 Nxb3 19.axb3 Bh7 20.b4 Rad8 21.O-O
Rxd4 22.cxd4 Qxd4 23.Rfd1 Qxb4 24.Rxa7 Be4 25.Rda1 Qd4 26.R7a5 Bd5 27.R1a4
Qb6 28.Ra8 Rxa8 29.Rxa8+ Kh7 30.Qc2+ Ne4 31.Nxf7 Qd4 32.Nd6 Qd2 33.Qxd2 
Nxd2 34.Rb8 Nb3 35.Nxb7 Kg6 36.Nd6 Kf6 37.Ne8+ Ke7 38.Nc7 Bc4 39.Rb4 Nd2 
40.f3 Kd7 41.Nb5 Kc6 42.Nc3 Kc5 43.Rb7 g5 44.Kf2 Nb3 45.Rh7 Kd4 {46...Kd3 
47.Rxh6 Kc2 48.Rg6 Kxb2 49.Ne4} 1-0

[Event "Tarbes Open 2003"]
[Site "?"]
[Date "2003.04.??"]
[Round "4"]
[White "Dargagnon, Remi"]
[Black "Chauve, Christophe"]
[Result "1-0"]
[WhiteElo "2125"]
[BlackElo "1880"]
[EventDate "2003.05.01"]
[PlyCount "81"]
[SourceDate "2003.05.01"]

1.e4 c5 2.Nc3 Nc6 3.f4 g6 4.Nf3 Bg7 5.Bb5 Nd4 6.O-O Nxb5 7.Nxb5 a6 8.Nc3 
d6 9.Qe1 e6 10.d3 b5 11.f5 b4 12.Nd1 Ne7 13.Qh4 exf5 14.Bh6 Bxh6 15.Qxh6 
Ng8 16.Qf4 Nf6 17.Ne3 fxe4 18.Ng5 exd3 19.cxd3 O-O 20.Qxf6 Qxf6 21.Rxf6 
Kg7 22.Rxd6 Re8 23.Nc4 Bf5 24.Kf2 Rad8 25.Re1 Ra8 26.Rxe8 Rxe8 27.Nf3 a5 
28.b3 h6 29.Nfe5 a4 30.bxa4 Ra8 31.a5 g5 32.Rc6 Rd8 33.Rxc5 Bxd3 34.Nxd3 
Rxd3 35.a6 Rc3 36.a7 Rc2+ 37.Ke3 Rxa2 38.Ra5 Rxg2 39.a8=Q Rxh2 40.Rf5 b3 
41.Qd5 1-0

[Event "Tarbes Open 2003"]
[Site "?"]
[Date "2003.04.??"]
[Round "6"]
[White "Aout, Sebastien"]
[Black "Dufeal, Julien"]
[Result "1/2-1/2"]
[WhiteElo "2096"]
[BlackElo "2141"]
[EventDate "2003.05.01"]
[PlyCount "89"]
[SourceDate "2003.05.01"]

1.e4 e5 2.Nf3 d6 3.d4 exd4 4.Nxd4 Nf6 5.Nc3 Be7 6.Bc4 O-O 7.Bb3 Nbd7 8.O-O
Nc5 9.Re1 Nxb3 10.axb3 Ng4 11.Nd5 Bh4 12.g3 c6 13.Ne3 Nxe3 14.Bxe3 Bf6 15.
Qd3 a6 16.c3 c5 17.Nf5 Bxf5 18.exf5 Qd7 19.Bxc5 Rfc8 20.b4 Rc6 21.Rad1 a5 
22.Bxd6 Rd8 23.Bc5 Qxd3 24.Rxd3 Rdc8 25.Rde3 h6 26.Re8+ Kh7 27.Bf8 a4 28.
b5 Rxe8 29.Rxe8 Rb6 30.c4 Bxb2 31.Ra8 h5 32.Rxa4 h4 33.Bc5 Rf6 34.g4 h3 
35.Ra2 Bc1 36.Rc2 Bf4 37.Rc3 Rh6 38.Be3 Rd6 39.Kf1 Be5 40.Rb3 Rd1+ 41.Ke2 
Rh1 42.Bb6 Rxh2 43.Rb1 Kh6 44.Kf3 Kg5 45.Be3+ 1/2-1/2

[Event "Tarbes Open 2003"]
[Site "?"]
[Date "2003.04.??"]
[Round "5"]
[White "Tanguy, Fabien"]
[Black "De Laubadere, Philippe"]
[Result "1/2-1/2"]
[WhiteElo "2083"]
[BlackElo "1970"]
[EventDate "2003.05.01"]
[PlyCount "85"]
[SourceDate "2003.05.01"]

1.c4 e5 2.Nc3 Nf6 3.g3 d5 4.cxd5 Nxd5 5.Bg2 Ne7 6.Nf3 Nbc6 7.O-O Nf5 8.d3 
Be7 9.a3 Be6 10.Qa4 f6 11.b4 a6 12.Ne4 b5 13.Qd1 Nfd4 14.Nxd4 Nxd4 15.Nc5 
Bd5 16.e4 Bf7 17.Bb2 Bxc5 18.bxc5 c6 19.Rc1 O-O 20.Bxd4 Qxd4 21.Qc2 Rfd8 
22.Rfd1 a5 23.Qc3 Kf8 24.Qxd4 Rxd4 25.f4 Rad8 26.Bf1 b4 27.axb4 axb4 28.
Kf2 Ra8 29.Ra1 Ra3 30.Ke3 Rd8 31.Rxa3 bxa3 32.Kd2 Rb8 33.Kc3 Rb3+ 34.Kc2 
Rb2+ 35.Kc3 Rxh2 36.d4 exd4+ 37.Rxd4 Rb2 38.Bc4 Bxc4 39.Rxc4 Rg2 40.Ra4 
Rxg3+ 41.Kd4 Ke7 42.e5 fxe5+ 43.Kxe5 {............} 1/2-1/2

[Event "Tarbes Open 2003"]
[Site "?"]
[Date "2003.04.??"]
[Round "6"]
[White "Lacroix, Romain"]
[Black "Garrel, Alain"]
[Result "0-1"]
[WhiteElo "1840"]
[BlackElo "2153"]
[EventDate "2003.05.01"]
[PlyCount "70"]

1.e4 d6 2.d4 Nf6 3.Nc3 Nbd7 4.f4 e5 5.Nf3 exd4 6.Nxd4 Nc5 7.Bd3 g6 8.O-O 
Bg7 9.Nf3 O-O 10.Be3 Re8 11.Bxc5 dxc5 12.Qd2 Bg4 13.Rad1 Bxf3 14.Rxf3 Qd4+
15.Qf2 Ng4 16.Qxd4 Bxd4+ 17.Kh1 Nf2+ 18.Rxf2 Bxf2 19.Nd5 Red8 20.Nxc7 Rac8
21.Nd5 Kg7 22.b3 f5 23.c4 fxe4 24.Bxe4 Re8 25.Bf3 Rc6 26.g3 Re1+ 27.Rxe1 
Bxe1 28.a4 Re6 29.Kg2 Ba5 30.h3 Re1 31.f5 gxf5 32.Nf4 b6 33.Bc6 Rb1 34.Bb5
Rb2+ 35.Kf3 Rxb3+ {.............} 0-1

[Event "Tarbes Open 2003"]
[Site "?"]
[Date "2003.04.??"]
[Round "5"]
[White "Safranska, Anda"]
[Black "Martinet, Regis"]
[Result "1-0"]
[WhiteElo "2337"]
[BlackElo "2080"]
[EventDate "2003.05.01"]
[PlyCount "70"]

1.e4 c5 2.Nf3 Nc6 3.d3 g6 4.g3 Bg7 5.Bg2 d6 6.O-O e6 7.c3 Nge7 8.Re1 e5 9.
a3 a5 10.a4 O-O 11.Na3 Bg4 12.h3 Be6 13.Ng5 Bd7 14.Nc4 Qc7 15.Na3 Rad8 16.
Nb5 Qb8 17.f4 h6 18.Nf3 Kh7 19.Be3 b6 20.Nd2 Na7 21.Nxa7 Qxa7 22.Rf1 f5 
23.Qb3 Qc7 24.Nc4 Rb8 25.Na3 Qc8 26.Nc4 Be6 27.Qd1 Qc7 28.Qe2 Rbe8 29.Kh2 
Nc6 30.Na3 Ne7 31.Nb5 Qb8 32.Qd2 Rd8 33.Rad1 d5 34.exd5 Bxd5 35.fxe5 Bc4 {
...........} 1-0

[Event "Tarbes Open 2003"]
[Site "?"]
[Date "2003.04.??"]
[Round "5"]
[White "Fejzovski, Ekrem"]
[Black "Sakri, Abdelhak"]
[Result "0-1"]
[WhiteElo "2174"]
[BlackElo "2020"]
[EventDate "2003.05.01"]
[PlyCount "71"]

1.d4 d5 2.c4 c6 3.cxd5 cxd5 4.Nf3 Nf6 5.Nc3 Nc6 6.Bf4 Qb6 7.Qd3 a6 8.a3 g6
9.b4 Bf5 10.Qd1 Rc8 11.Na4 Qa7 12.e3 Bg7 13.Be2 O-O 14.O-O Nh5 15.Bg5 h6 
16.Bh4 Nf6 17.Nc5 Ne4 18.Nxe4 Bxe4 19.Nd2 Bf5 20.Rc1 g5 21.Bg3 Bg6 22.Nb3 
e6 23.Nc5 Ne7 24.Bd6 Rfe8 25.Nd7 b6 26.Qa4 Nf5 27.Be5 Bxe5 28.Nxe5 Kg7 29.
Qxa6 Ra8 30.Qxa7 Rxa7 31.Bb5 Rea8 32.a4 Nd6 33.Bc6 Rc8 34.Ra1 Bc2 35.a5 
bxa5 36.Rxa5 {..............} 0-1

[Event "Tarbes Open 2003"]
[Site "?"]
[Date "2003.04.??"]
[Round "5"]
[White "Dargagnon, Remi"]
[Black "Juglard, Eric"]
[Result "0-1"]
[WhiteElo "2125"]
[BlackElo "2186"]
[EventDate "2003.05.01"]
[PlyCount "81"]

1.e4 e6 2.d4 d5 3.Nc3 Nf6 4.Bg5 Bb4 5.e5 h6 6.Bd2 Bxc3 7.bxc3 Ne4 8.Bd3 
Nxd2 9.Qxd2 c5 10.h4 Nc6 11.Nf3 Qa5 12.h5 Bd7 13.Rh4 c4 14.Be2 O-O-O 15.
Kf1 g5 16.hxg6 fxg6 17.Rf4 g5 18.Rf6 Rdf8 19.Nh2 Rxf6 20.exf6 Rf8 21.Ng4 
Qc7 22.Qe3 Kb8 23.Kg1 h5 24.Ne5 Rxf6 25.Qxg5 Rf5 26.Qg8+ Bc8 27.Nxc6+ Qxc6
28.Re1 Qd6 29.Bf3 Qf4 30.Qg3 Qxg3 31.fxg3 Bd7 32.Re5 Rxe5 33.dxe5 Be8 34.
Kh2 b5 35.Kh3 a5 36.Kh4 Bg6 37.Kg5 Bxc2 38.Kf6 b4 39.cxb4 axb4 40.Kxe6 b3 
41.axb3 {............} 0-1

[Event "Tarbes Open 2003"]
[Site "?"]
[Date "2003.04.??"]
[Round "5"]
[White "Chassy, Philippe"]
[Black "Lucas, Julien"]
[Result "1-0"]
[WhiteElo "2121"]
[BlackElo "1910"]
[EventDate "2003.05.01"]
[PlyCount "98"]

1.e4 c5 2.Nc3 d6 3.f4 g6 4.Nf3 Bg7 5.Bc4 Nf6 6.O-O O-O 7.d3 Nc6 8.Qe1 Na5 
9.Qh4 Nxc4 10.dxc4 e6 11.Ng5 h6 12.Nf3 d5 13.cxd5 exd5 14.e5 Ne4 15.Qe1 
Nxc3 16.Qxc3 Qb6 17.Kh1 Bf5 18.Qd2 Rad8 19.Qe2 Rfe8 20.c3 d4 21.Nh4 d3 22.
Qf2 d2 23.Bxd2 Qxb2 24.Be3 Qxf2 25.Rxf2 b6 26.Nxf5 gxf5 27.Re2 Rd3 28.Rc1 
c4 29.Bd4 Bf8 30.Kg1 h5 31.Kf2 Bh6 32.g3 Kh7 33.Rcc2 Bf8 34.Rb2 h4 35.Re3 
Rxe3 36.Bxe3 hxg3+ 37.hxg3 Rd8 38.Bd4 Rd5 39.g4 fxg4 40.Kg3 Ba3 41.Rh2+ 
Kg8 42.Kxg4 Bc5 43.Bxc5 Rxc5 44.Rd2 Ra5 45.Kf5 Ra3 46.Rc2 Kf8 47.Kf6 b5 
48.f5 Ra6+ 49.Kg5 Ke7 {...........} 1-0

[Event "Tarbes Open 2003"]
[Site "?"]
[Date "2003.04.??"]
[Round "4"]
[White "Lecoq, Julien"]
[Black "Fejzovski, Ekrem"]
[Result "0-1"]
[WhiteElo "2040"]
[BlackElo "2174"]
[EventDate "2003.05.01"]
[PlyCount "64"]

1.e4 e6 2.d4 d5 3.Nc3 Nf6 4.Bg5 Be7 5.e5 Nfd7 6.Bxe7 Qxe7 7.f4 a6 8.Nf3 c5
9.Qd2 Nc6 10.Ne2 O-O 11.c3 f5 12.exf6 Nxf6 13.Ng3 cxd4 14.cxd4 Ne4 15.Nxe4
dxe4 16.Ne5 e3 17.Qxe3 Qb4+ 18.Qc3 Qxd4 19.Nxc6 Qe4+ 20.Be2 bxc6 21.Rf1 
Rb8 22.Rd1 c5 23.Rf3 Qb4 24.Bc4 Qxb2 25.Qxb2 Rxb2 26.Rg3 Rb4 27.Rc1 Rxf4 
28.Rgc3 Rf5 29.Bd3 Re5+ 30.Kf1 Bb7 31.Rxc5 Rxc5 32.Rxc5 Bd5 {.............
} 0-1

[Event "Tarbes Open 2003"]
[Site "?"]
[Date "2003.04.??"]
[Round "6"]
[White "Francois, Giraud"]
[Black "Tanguy, Fabien"]
[Result "1/2-1/2"]
[WhiteElo "1740"]
[BlackElo "2083"]
[EventDate "2003.05.01"]
[PlyCount "64"]
[SourceDate "2003.05.01"]

1.c4 e6 2.Nc3 b6 3.d4 Bb7 4.Nf3 Nf6 5.Bg5 Be7 6.e3 O-O 7.Bxf6 Bxf6 8.Bd3 
Nc6 9.Rc1 Re8 10.h4 e5 11.d5 Nb4 12.Bb1 d6 13.a3 Na6 14.Ng5 Bxg5 15.hxg5 
Qxg5 16.Bxh7+ Kf8 17.Qf3 Nc5 18.Rh5 Qe7 19.Bg6 Qf6 20.Qxf6 gxf6 21.Bc2 Kg7
22.Rh7+ Kg8 23.Ke2 e4 24.Rch1 f5 25.f4 exf3+ 26.gxf3 f4 27.Rg1+ Kf8 28.Ne4
Nxe4 29.Bxe4 fxe3 30.Rgg7 Ba6 31.b3 b5 32.Bg6 fxg6 1/2-1/2

[Event "Tarbes Open 2003"]
[Site "?"]
[Date "2003.04.??"]
[Round "6"]
[White "Daloz, Jean-Michel"]
[Black "Brunel, Julien"]
[Result "1-0"]
[WhiteElo "2183"]
[BlackElo "1910"]
[EventDate "2003.05.01"]
[PlyCount "61"]
[SourceDate "2003.05.01"]

1.d4 Nf6 2.c4 e5 3.dxe5 Ng4 4.e3 Nxe5 5.Nh3 d6 6.Nf4 Be7 7.Be2 Nbd7 8.O-O 
O-O 9.Nc3 Nf6 10.b3 Bf5 11.Bb2 Ng6 12.Nfd5 c6 13.Nxe7+ Qxe7 14.Qd4 Qe5 15.
Rad1 Rfd8 16.Bf3 Ne7 17.Rd2 Bg6 18.Rfd1 Qxd4 19.Rxd4 Nf5 20.R4d2 Rd7 21.e4
Nh4 22.e5 Nxf3+ 23.gxf3 Ne8 24.Ne4 Bxe4 25.fxe4 b6 26.f4 Kf8 27.exd6 f6 
28.e5 Kf7 29.Re1 fxe5 30.fxe5 Ke6 31.Rf2 1-0

[Event "Tarbes Open 2003"]
[Site "?"]
[Date "2003.04.??"]
[Round "6"]
[White "Boldet, Frederic"]
[Black "Dargagnon, Remi"]
[Result "1/2-1/2"]
[WhiteElo "1950"]
[BlackElo "2125"]
[EventDate "2003.05.01"]
[PlyCount "40"]
[SourceDate "2003.05.01"]

1.e4 e5 2.Nf3 d5 3.d4 dxe4 4.Nxe5 Bd6 5.Nc3 Bxe5 6.dxe5 Qxd1+ 7.Kxd1 Nc6 
8.Bf4 Bg4+ 9.Kc1 O-O-O 10.b3 Rd4 11.Bc4 Bh5 12.Re1 Nge7 13.Nb5 Rdd8 14.
Rxe4 Rd1+ 15.Kb2 Rxa1 16.Kxa1 a6 17.Nc3 Bg6 18.Re1 Nd4 19.Kb2 Nxc2 20.Rd1 
Nb4 1/2-1/2

[Event "Tarbes Open 2003"]
[Site "?"]
[Date "2003.04.??"]
[Round "6"]
[White "Sakri, Abdelhak"]
[Black "Rundstrom, Douglas"]
[Result "1-0"]
[WhiteElo "2020"]
[BlackElo "2030"]
[EventDate "2003.05.01"]
[PlyCount "99"]
[SourceDate "2003.05.01"]

1.d4 Nf6 2.Nf3 d5 3.Bf4 c5 4.c3 e6 5.e3 Nc6 6.Bd3 b6 7.Nbd2 Bb7 8.Qa4 a6 
9.O-O b5 10.Qd1 Be7 11.Rc1 O-O 12.Ne5 Nxe5 13.dxe5 Nd7 14.Qh5 f5 15.exf6 
Nxf6 16.Qh3 Bc8 17.Be5 g6 18.Nf3 Nh5 19.g4 Ng7 20.Qh6 Bf6 21.Bxf6 Qxf6 22.
Ng5 Rd8 23.f4 d4 24.cxd4 c4 25.Nxh7 Qe7 26.Bxg6 Ne8 27.Ng5 Qg7 28.Bf7+ Kf8
29.Qxg7+ Nxg7 30.Bg6 Ke7 31.Nf7 Rf8 32.Ne5 Bb7 33.Bc2 Kd6 34.Kf2 Ne8 35.
Kg3 Nf6 36.g5 Ne4+ 37.Bxe4 Bxe4 38.h4 Ra7 39.Rf2 Bf5 40.Rh2 Kd5 41.h5 Ke4 
42.Kf2 Rg7 43.Rg1 c3 44.bxc3 Rc7 45.Rc1 b4 46.c4 a5 47.g6 a4 48.h6 Rh8 49.
Nf7 Rg8 50.h7 1-0

[Event "Tarbes Open 2003"]
[Site "?"]
[Date "2003.04.??"]
[Round "5"]
[White "Bodlet, Frederic"]
[Black "Janotta, Patrick"]
[Result "1/2-1/2"]
[WhiteElo "1950"]
[BlackElo "2134"]
[EventDate "2003.05.01"]
[PlyCount "80"]
[SourceDate "2003.05.01"]

1.e4 c5 2.Nf3 d6 3.Bc4 e6 4.O-O Nf6 5.d3 Be7 6.Nbd2 O-O 7.e5 dxe5 8.Nxe5 
Nbd7 9.Ndf3 Nxe5 10.Nxe5 Nd7 11.Nf3 b6 12.Re1 Bb7 13.Bf4 Bf6 14.c3 Rc8 15.
h4 Bxh4 16.Nxh4 Qxh4 17.Bg3 Qg5 18.Qa4 Bc6 19.Qxa7 h5 20.Re4 Bxe4 21.dxe4 
Ne5 22.Ba6 Ra8 23.Qxb6 h4 24.Bxe5 Qxe5 25.Bb7 Rab8 26.a4 Qxe4 27.Bxe4 Rxb6
28.a5 Rxb2 29.a6 Rbb8 30.Ra5 Rbc8 31.Bb7 Kh7 32.a7 Ra8 33.Kh2 f5 34.g3 
hxg3+ 35.Kxg3 g5 36.Kf3 Kg6 37.Ra6 Kf6 38.Ke3 Ke5 39.Kd3 g4 40.Kc4 f4 
1/2-1/2

[Event "Tarbes Open 2003"]
[Site "?"]
[Date "2003.04.??"]
[Round "4"]
[White "Jossien, Remy"]
[Black "Marciano, David"]
[Result "1/2-1/2"]
[WhiteElo "2182"]
[BlackElo "2502"]
[EventDate "2003.05.01"]
[PlyCount "84"]
[SourceDate "2003.05.01"]

1.d4 Nf6 2.Nc3 d5 3.Bg5 Nbd7 4.Qd2 e6 5.f3 h6 6.Bh4 c5 7.e3 cxd4 8.exd4 
Bb4 9.Bd3 Ne4 10.fxe4 Qxh4+ 11.g3 Qe7 12.exd5 exd5+ 13.Nge2 Nf6 14.O-O-O 
O-O 15.Kb1 Bg4 16.Rdf1 Ne4 17.Bxe4 dxe4 18.Qe3 Bf3 19.Rhg1 Rad8 20.a3 Bxa3
21.bxa3 Qxa3 22.Nc1 a5 23.N1a2 b5 24.Re1 b4 25.Nxe4 b3 26.cxb3 Bxe4+ 27.
Qxe4 Rb8 28.Re3 Rxb3+ 29.Rxb3 Qxb3+ 30.Ka1 Rd8 31.Rb1 Qa4 32.Qe5 Qxd4+ 33.
Qxd4 Rxd4 34.Nc3 h5 35.Rd1 Rc4 36.Kb2 h4 37.Rd5 hxg3 38.hxg3 Rg4 39.Ne2 
Re4 40.Nf4 a4 41.Ka3 g6 42.Rd3 Kg7 1/2-1/2

[Event "Tarbes Open 2003"]
[Site "?"]
[Date "2003.04.??"]
[Round "5"]
[White "Marciano, David"]
[Black "Lazarev, Vladimir"]
[Result "0-1"]
[WhiteElo "2502"]
[BlackElo "2517"]
[EventDate "2003.05.01"]
[PlyCount "56"]
[SourceDate "2003.05.01"]

1.e4 c5 2.Nf3 Nc6 3.c3 Nf6 4.e5 Nd5 5.d4 cxd4 6.Bc4 Nb6 7.Bb3 d5 8.exd6 
Qxd6 9.O-O Be6 10.Na3 dxc3 11.Qe2 Bxb3 12.axb3 g6 13.Nb5 Qb8 14.Be3 Nc8 
15.Ra4 Bg7 16.Bf4 e5 17.Nxe5 Nxe5 18.Bxe5 Bxe5 19.f4 O-O 20.fxe5 cxb2 21.
Qxb2 a6 22.Na3 b5 23.Re4 Ra7 24.Nc2 Re7 25.Rf6 Rfe8 26.Nb4 Rxe5 27.Nxa6 
Qa7+ 28.Rd4 Re1+ 0-1

[Event "Tarbes Open 2003"]
[Site "?"]
[Date "2003.04.??"]
[Round "6"]
[White "Martinet, Regis"]
[Black "Cheron, Stephane"]
[Result "1-0"]
[WhiteElo "2080"]
[BlackElo "1910"]
[EventDate "2003.05.01"]
[PlyCount "85"]
[SourceDate "2003.05.01"]

1.d4 d5 2.Nf3 c5 3.e3 e6 4.b3 Nc6 5.Bb2 Nf6 6.Nbd2 Bd6 7.Be2 O-O 8.O-O Qc7
9.dxc5 Bxc5 10.h3 e5 11.c4 d4 12.exd4 exd4 13.a3 a5 14.Bd3 Ne5 15.Nxe5 
Qxe5 16.Nf3 Qf4 17.Qd2 Nh5 18.Rad1 Rd8 19.Rfe1 Qxd2 20.Rxd2 Nf4 21.Bxd4 
Bxa3 22.Bc2 Be6 23.Bc3 a4 24.Ng5 axb3 25.Bxb3 Bc5 26.Nxe6 Nxe6 27.Red1 
Rxd2 28.Bxd2 Nd4 29.Rb1 Ra3 30.Bd1 b6 31.Be3 f6 32.Bg4 Kf7 33.Rd1 Ne6 34.
Rd7+ Be7 35.Bxb6 Ra1+ 36.Kh2 Re1 37.Ba5 Re5 38.Bb4 Nd8 39.Bxe7 Rxe7 40.
Rxd8 Rc7 41.Rd7+ Rxd7 42.Bxd7 Ke7 43.Bb5 1-0

[Event "Tarbes Open 2003"]
[Site "?"]
[Date "2003.04.??"]
[Round "6"]
[White "San Sebastian, Patrice"]
[Black "Janotta, Patrick"]
[Result "0-1"]
[WhiteElo "1950"]
[BlackElo "2134"]
[EventDate "2003.05.01"]
[PlyCount "66"]
[SourceDate "2003.05.01"]

1.f4 d5 2.Nf3 Nf6 3.e3 Bg4 4.h3 Bxf3 5.Qxf3 e6 6.Nc3 Be7 7.g4 c6 8.g5 Nfd7
9.d4 c5 10.Ne2 Nc6 11.c3 O-O 12.h4 cxd4 13.Nxd4 Nxd4 14.exd4 Nb6 15.Bd3 
Nc4 16.Qh5 g6 17.Qe2 h5 18.gxh6 Bxh4+ 19.Kd1 Kh7 20.b3 Nd6 21.Ba3 Bf6 22.
Kd2 Rg8 23.Rag1 Rc8 24.Bb2 Qa5 25.Ke3 Nf5+ 26.Kf3 a6 27.Bxf5 exf5 28.Ba1 
Rge8 29.Qd2 Re4 30.Re1 Rxd4 31.Qe3 Re4 32.Qa7 Qc7 33.Rd1 Qxf4+ 0-1

[Event "Tarbes Open 2003"]
[Site "?"]
[Date "2003.04.??"]
[Round "6"]
[White "Smyrek, Ingo"]
[Black "Fejzovski, Ekrem"]
[Result "0-1"]
[WhiteElo "2020"]
[BlackElo "2174"]
[EventDate "2003.05.01"]
[PlyCount "68"]
[SourceDate "2003.05.01"]

1.d4 Nf6 2.c4 g6 3.Nc3 Bg7 4.Nf3 O-O 5.g3 d6 6.Bg2 c6 7.O-O Qc7 8.e4 e5 9.
d5 c5 10.Bg5 a6 11.a4 b6 12.Qc2 Ne8 13.Nd2 f5 14.f3 f4 15.g4 Bf6 16.Bxf6 
Nxf6 17.Rf2 Bd7 18.Bf1 Qd8 19.Bd3 g5 20.h3 Qe7 21.b3 a5 22.Rh2 Na6 23.Na2 
h5 24.Rf1 Kg7 25.Rff2 Rh8 26.Qd1 Rh6 27.Qe2 Rah8 28.Bc2 Qd8 29.Nb1 Nb4 30.
Nbc3 Kf7 31.Kh1 Ke7 32.Bb1 Qc8 33.Nc1 hxg4 34.hxg4 Bxg4 0-1

[Event "Tarbes Open 2003"]
[Site "?"]
[Date "2003.04.??"]
[Round "6"]
[White "Auneau, Dominique"]
[Black "Marciano, David"]
[Result "0-1"]
[WhiteElo "1970"]
[BlackElo "2502"]
[EventDate "2003.05.01"]
[PlyCount "116"]
[SourceDate "2003.05.01"]

1.e4 c5 2.c3 Nf6 3.e5 Nd5 4.Bc4 Nb6 5.Bb3 Nc6 6.f4 c4 7.Bc2 d6 8.d4 cxd3 
9.Qxd3 dxe5 10.Qxd8+ Kxd8 11.Nf3 exf4 12.Bxf4 f6 13.O-O e5 14.Be3 Nc4 15.
Bc1 Bc5+ 16.Kh1 Kc7 17.b3 Ne3 18.Bxe3 Bxe3 19.Na3 Bc5 20.b4 Be7 21.Nb5+ 
Kb8 22.Bb3 a6 23.Na3 Bg4 24.Nc4 Kc7 25.Ne3 Bxf3 26.gxf3 Rae8 27.a3 Kb8 28.
Rad1 Rd8 29.Rxd8+ Rxd8 30.Rd1 Rxd1+ 31.Nxd1 Bd8 32.Ne3 Ne7 33.Kg2 Bb6 34.
Nc4 Bc7 35.Ne3 Kc8 36.Be6+ Kd8 37.a4 a5 38.b5 b6 39.Nc4 Ng6 40.Bg8 Nf4+ 
41.Kf2 Ke7 42.Bxh7 Nd5 43.h4 Nxc3 44.Bc2 Bd6 45.h5 Bc5+ 46.Kg2 Ke6 47.Kh3 
Kd5 48.Nb2 Kd4 49.Nd3 Nxa4 50.Nxe5 fxe5 51.Bxa4 Kc4 52.Kg4 Kb4 53.Bc2 a4 
54.Kg5 a3 55.Bb1 Kb3 56.Kg6 Kb2 57.Be4 a2 58.Kxg7 Be3 0-1

[Event "Tarbes Open 2003"]
[Site "?"]
[Date "2003.04.??"]
[Round "6"]
[White "Jossien, Remy"]
[Black "Jossien, Arnaud"]
[Result "0-1"]
[WhiteElo "2181"]
[BlackElo "2340"]
[EventDate "2003.05.01"]
[PlyCount "44"]
[SourceDate "2003.05.01"]

1.d4 f5 2.Nc3 Nf6 3.f3 e6 4.e4 Bb4 5.Bd3 O-O 6.Bg5 Qe8 7.Qd2 Qg6 8.Bxf6 
Qxf6 9.e5 Qh4+ 10.Qf2 Qxf2+ 11.Kxf2 Nc6 12.Nb5 a6 13.c3 axb5 14.cxb4 Nxb4 
15.Bb1 b6 16.Ne2 Bb7 17.Nc3 Ra5 18.Rc1 Rfa8 19.Ke3 Bd5 20.a3 Bb3 21.Na2 
Nd5+ 22.Kd2 b4 0-1

[Event "Tarbes Open 2003"]
[Site "?"]
[Date "2003.04.??"]
[Round "5"]
[White "Darrigues, Alain"]
[Black "Lacroix, Romain"]
[Result "*"]
[WhiteElo "2069"]
[BlackElo "1840"]
[EventDate "2003.05.01"]
[PlyCount "91"]
[SourceDate "2003.05.01"]

1.d4 d5 2.c4 e6 3.Nc3 c6 4.Nf3 Nf6 5.cxd5 exd5 6.Qc2 Be7 7.Bg5 h6 8.Bh4 
Be6 9.e3 Nbd7 10.Bd3 O-O 11.O-O Re8 12.Rab1 a6 13.b4 Qc8 14.Na4 b5 15.Nc5 
Bxc5 16.bxc5 Bg4 17.Nd2 Be6 18.a4 Ra7 19.Rb2 Rf8 20.Ra1 Ra8 21.Rba2 Qb7 
22.Bg3 Rfc8 23.f3 Re8 24.Bf2 Rec8 25.Nb3 Re8 26.Qd2 Kh8 27.Qb4 Kg8 28.Qa5 
Rac8 29.Bg3 Red8 30.axb5 axb5 31.Qa7 Qxa7 32.Rxa7 Nf8 33.R1a6 Rd7 34.Ra8 
Rdd8 35.Rxc8 Rxc8 36.Na5 Bd7 37.Be5 Ne6 38.Ra7 Nf8 39.g4 Ne8 40.h4 f6 41.
Bg3 Kf7 42.Kf2 g5 43.Bf5 Ke7 44.Ke2 Ne6 45.Kd3 N8g7 46.hxg5 *

[Event "Tarbes Open 2003"]
[Site "?"]
[Date "2003.04.??"]
[Round "5"]
[White "Daloz, Jean-Michel"]
[Black "Chauve, Jean-Christophe"]
[Result "1-0"]
[WhiteElo "2183"]
[BlackElo "1880"]
[EventDate "2003.05.01"]
[PlyCount "33"]
[SourceDate "2003.05.01"]

1.d4 d5 2.Nf3 Nf6 3.c4 c6 4.cxd5 cxd5 5.Nc3 Nc6 6.Bf4 a6 7.e3 e6 8.Bd3 Bd7
9.O-O Rc8 10.Rc1 b5 11.a4 Na7 12.Qe2 Rb8 13.axb5 Nxb5 14.Bxb8 Qxb8 15.Ne5 
Nxc3 16.Rxc3 Bb5 17.Rfc1 1-0

[Event "Tarbes Open 2003"]
[Site "?"]
[Date "2003.04.??"]
[Round "5"]
[White "Auneau, Dominique"]
[Black "Cabana, Daniel"]
[Result "1-0"]
[WhiteElo "1970"]
[BlackElo "2152"]
[EventDate "2003.05.01"]
[PlyCount "69"]
[SourceDate "2003.05.01"]

1.e4 c5 2.c3 Nf6 3.e5 Nd5 4.Bc4 Qc7 5.Nf3 Nb6 6.Bb3 Nc6 7.d4 cxd4 8.cxd4 
d5 9.O-O Bg4 10.Be3 e6 11.Nc3 Be7 12.Rc1 Rc8 13.h3 Bh5 14.g4 Bg6 15.h4 h5 
16.g5 O-O 17.Ne1 f6 18.f4 fxe5 19.fxe5 a6 20.Ng2 Rxf1+ 21.Kxf1 Rf8+ 22.Kg1
Bd8 23.Nf4 Qf7 24.Nxg6 Qxg6 25.Bc2 Qf7 26.Qe2 Ne7 27.Rf1 Nf5 28.Kh2 g6 29.
Bxf5 gxf5 30.g6 Qg7 31.Qxh5 f4 32.Rxf4 Rxf4 33.Bxf4 Qh8 34.Bh6 Nd7 35.g7 
1-0

[Event "Tarbes Open 2003"]
[Site "?"]
[Date "2003.04.??"]
[Round "5"]
[White "Borsov, Alexei"]
[Black "Aout, Sebastien"]
[Result "1-0"]
[WhiteElo "2531"]
[BlackElo "2096"]
[EventDate "2003.05.01"]
[PlyCount "63"]
[SourceDate "2003.05.01"]

1.d4 d5 2.c4 dxc4 3.e3 e6 4.Bxc4 a6 5.Nf3 b5 6.Bd3 c5 7.O-O Nf6 8.Qe2 Qb6 
9.a4 b4 10.Nbd2 Nbd7 11.Nc4 Qa7 12.Nfe5 Bb7 13.Na5 cxd4 14.Nxd7 Nxd7 15.
Nxb7 Qxb7 16.exd4 Nf6 17.Bg5 Nd5 18.Be4 Bd6 19.Qh5 g6 20.Qh4 O-O 21.Bf6 
Rfe8 22.Rae1 Rac8 23.Re3 Bf8 24.Rh3 h6 25.g4 Qd7 26.Bg5 Bg7 27.Bxh6 Bxd4 
28.Rd1 Bxb2 29.Bd2 Qxa4 30.Rb1 Qa2 31.Bxg6 fxg6 32.Qh7+ 1-0

[Event "Tarbes Open 2003"]
[Site "?"]
[Date "2003.04.??"]
[Round "4"]
[White "San Sebastian, Patrice"]
[Black "Darrigues, Alain"]
[Result "1-0"]
[WhiteElo "1950"]
[BlackElo "2069"]
[EventDate "2003.05.01"]
[PlyCount "56"]
[SourceDate "2003.05.01"]

1.f4 d5 2.Nf3 Nf6 3.e3 g6 4.c4 Bg7 5.cxd5 Nxd5 6.Nc3 O-O 7.Be2 c5 8.O-O 
Nc6 9.Qb3 Ndb4 10.a3 Be6 11.Qa4 Nd3 12.Qb5 Nxc1 13.Raxc1 Qb6 14.Na4 Qxb5 
15.Bxb5 a6 16.Bxc6 bxc6 17.Rxc5 Bd5 18.d4 Bb3 19.Nb6 Ra7 20.Nd2 Be6 21.
Rxc6 Rb8 22.Rfc1 Rab7 23.Ndc4 h5 24.b4 Kh7 25.Na4 Bd5 26.Rxa6 Rc7 27.Nc5 
f6 28.Nb6 Ba2 1-0